Café Langit marketingstratégiája

Bibliográfiai részletek
Szerző: Rácz-Kósa Eperke Zsófia
További közreműködők: Brávácz Ibolya
Dokumentumtípus: Diplomadolgozat
Kulcsszavak:Café Langit
Marketing-mix
SWOT
STEEP
Kávézó
Online Access:http://dolgozattar.uni-bge.hu/2312

MARC

LEADER 00000nta a2200000 i 4500
001 dolg2312
005 20151001134742.0
008 150506suuuu hu om 000 hun d
040 |a BGE Dolgozattár Repozitórium  |b hun 
041 |a hu 
100 1 |a Rácz-Kósa Eperke Zsófia 
245 1 0 |a Café Langit marketingstratégiája  |c Rácz-Kósa Eperke Zsófia  |h [elektronikus dokumentum] 
695 |a Café Langit 
695 |a Marketing-mix 
695 |a SWOT 
695 |a STEEP 
695 |a Kávézó 
700 1 |a Brávácz Ibolya  |e ths 
856 4 0 |u http://dolgozattar.uni-bge.hu/2312/1/Caf%C3%A9%20Langit%20marketingstrat%C3%A9gi%C3%A1ja.pdf  |z Dokumentum-elérés